Gardiner C. Means, institutionalist and post Keynesian /

Bibliographic Details
Main Author: Samuels, Warren J., 1933-
Other Authors: Medema, Steven G.
Format: Book
Language:English
Published: Armonk, N.Y. : M.E. Sharpe, [1990]
Series:Studies in institutional economics.
Subjects:

MARC

Tag First Indicator Second Indicator Subfields
LEADER 00000cam a2200000 a 4500
001 in00000990369
005 20150927154330.0
008 900118s1990 nyu b 00110 eng
010 |a  90030976  
020 |a 0873326156 :  |c $35.00 
020 |a 0873326164 (pbk.) :  |c $17.95 
035 |a (OCoLC)21043816 
035 |9 AEY1404AM 
040 |a DLC  |c DLC  |d TXA  |d UtOrBLW 
043 |a n-us--- 
049 |a TXAM 
050 0 0 |a HB119.M43  |b S36 1990 
082 0 0 |a 330.1  |2 20 
100 1 |a Samuels, Warren J.,  |d 1933- 
245 1 0 |a Gardiner C. Means, institutionalist and post Keynesian /  |c Warren J. Samuels and Steven G. Medema. 
264 1 |a Armonk, N.Y. :  |b M.E. Sharpe,  |c [1990] 
264 4 |c ©1990 
300 |a x, 197 pages ;  |c 24 cm. 
336 |a text  |b txt  |2 rdacontent 
337 |a unmediated  |b n  |2 rdamedia 
338 |a volume  |b nc  |2 rdacarrier 
490 1 |a Studies in institutional economics 
504 |a Includes bibliographical references (pages 175-181) and index. 
600 1 0 |a Means, Gardiner C.  |q (Gardiner Coit),  |d 1896-1988. 
650 0 |a Institutional economics. 
650 0 |a Keynesian economics. 
700 1 |a Medema, Steven G. 
830 0 |a Studies in institutional economics. 
999 |a MARS 
999 f f |s 4218de06-edb9-3b80-9b20-72eafb52fc62  |i fd7c9587-1e82-3d50-9db5-fdd458ed905e  |t 0 
952 f f |p ric  |a Texas A&M University  |b Rellis Campus  |c Joint Library Facility  |d Remote Storage  |t 0  |e HB119.M43 S36 1990  |h Library of Congress classification  |i unmediated -- volume  |m A14814697531 
998 f f |a HB119.M43 S36 1990  |t 0  |l Remote Storage